Normal view
MARC view
- الجامعه الهاشمية
Entry Personal Name
001 - CONTROL NUMBER
- control field: 49574
003 - CONTROL NUMBER IDENTIFIER
- control field: JO-AjAnu
005 - DATE AND TIME OF LATEST TRANSACTION
- control field: 20230606082152.0
008 - FIXED-LENGTH DATA ELEMENTS
- fixed length control field: 230606|| aca||aabn | a|a d
040 ## - CATALOGING SOURCE
- Original cataloging agency: JO-AjAnu
- Transcribing agency: JO-AjAnu
100 ## - HEADING--PERSONAL NAME
- Personal name: الجامعه الهاشمية
670 ## - SOURCE DATA FOUND
- Source citation: Work cat.: (JO-AjAnu)25350: الجامعه الهاشمية, author, أصداء الخطاب التاريخي لصاحب الجلالة الهاشمية الملك عبدالله الثاني ابن الحسين المعظم أمام الكونغرس الأمريكي واشنطن الولايات المتحدة الامريكية الاربعاء 17 صفر 1428هجري /7اذار 2007 م